Dua Lipa - Wszystkie piosenki - Statystyki

Ogólne statystyki
  • Ten quiz został rozwiązany 140 razy
  • Średni wynik to 16 z 49
Statystyki odpowiedzi
Tytuł piosenki % Poprawnych
New Rules
76%
Levitating
73%
Break My Heart
67%
Physical
66%
One Kiss
64%
Be The One
63%
Don't Start Now
63%
Love Again
62%
IDGAF
55%
No Lie
47%
Future Nostalgia
46%
Blow Your Mind
45%
Hallucinate
44%
Good In Bed
42%
Boys Will Be Boys
41%
Fever
40%
Prisoner
40%
We're Good
38%
Hotter Than Hell
35%
Pretty Please
35%
Cool
34%
Homesick
33%
Last Dance
33%
Scared To Be Lonely
32%
UN DIA
32%
Electricity
28%
New Love
27%
Genesis
25%
Kiss And Make Up
25%
Room for 2
25%
Lost In Your Light
24%
Thinking 'Bout You
22%
Begging
21%
Dreams
21%
Garden
21%
Swan Song
21%
That Kind Of Woman
20%
High
17%
If It Ain't Me
17%
No Goodbyes
17%
Bad Together
16%
Not My Problem
15%
Want To
13%
Love Is Religion
10%
My Love
7%
Running
5%
CAN THEY HEAR US
4%
Demeanor
3%
If Only
3%
Nie znaleziono quizów pasujących do podanych kryteriów
Rozkład punktacji
Procent ludzi z każdym wynikiem
Percentyl według liczby udzielonych odpowiedzi
Twoja historia wyników
Nie rozwiązałeś tego quizu